000 01020na a2200253 4500
001 13374
003 MIRAKIL
005 20181213154808.0
008 161010b tu 000 0
035 _a13374
040 _aMilas
_btur
_cTR-AnCHP
041 _atur
_aeng
082 _a305.4
_bK22k 1998
090 _a305.4 K22k 1998
110 _aT.C. Başbakanlık Kadının Statüsü ve Sorunları Genel Müdürlüğü
245 _aKadının kalkınmaya katılımını güçlendirme ulusal programı projesi 1993-1998 = National progmamme the enhancement of women's integration in development project
_cKadının Statüsü ve Sorunları Genel Müdürlüğü
260 _aAnkara
_bKadının Statüsü ve Sorunları Genel Müdürlüğü
_c1998
300 _a32 s.
_bfotğ.
_c21 sm.
500 _aMetinler Türkçe-İngilizce karşılıklıdır.
650 _aKadın sorunu
_xİstihdam
_yProjeler
650 _aToplumsal kalkınma
_xKadınlar
651 _aBirleşmiş Milletler Kalkınma Programı
942 _2dcc
_cBKS
999 _c986
_d986